Export - fenomén slovenskej ekonomiky
Funkčnosť slovenského zahraničného obchodu. Náročnosť trhu, na ktorom sa presadzuje slovenský tovar. Zaostalosť alebo progresívnosť tovarovej štruktúry zahraničného obchodu SR. Liberálnosť slovenského zahraničného obchodu, autonómne ovládanie štátom?
Saved in:
| Main Author: | |
|---|---|
| Format: | Book Chapter |
| Language: | Slovak |
| Subjects: | |
| Tags: |
No Tags, Be the first to tag this record!
|
MARC
| LEADER | 00000naa a2200000 4500 | ||
|---|---|---|---|
| 001 | r020489 | ||
| 005 | 20230801103349.4 | ||
| 041 | 0 | |a slo | |
| 044 | |a SK | ||
| 245 | 1 | 0 | |a Export - fenomén slovenskej ekonomiky |c Štefan Burda |
| 520 | |a Funkčnosť slovenského zahraničného obchodu. Náročnosť trhu, na ktorom sa presadzuje slovenský tovar. Zaostalosť alebo progresívnosť tovarovej štruktúry zahraničného obchodu SR. Liberálnosť slovenského zahraničného obchodu, autonómne ovládanie štátom? | ||
| 610 | 2 | 0 | |a Slovensko |
| 610 | 2 | 0 | |a obchod zahraničný |
| 610 | 2 | 0 | |a vývoz |
| 610 | 2 | 0 | |a MH SR Bratislava |
| 100 | 1 | |a Burda, Štefan | |